| 000 | 00724nam a2200217Ia 4500 | ||
|---|---|---|---|
| 005 | 20220719125036.0 | ||
| 008 | 210716s2014 xx 000 0 und d | ||
| 020 | _a9788126518531 | ||
| 040 | _cAIMIT LIBRARY | ||
| 041 | _aeng | ||
| 082 |
_a519.2 _22 _bTRIK |
||
| 100 |
_aTrivedi, Kishor Shridharbhai. _951200 |
||
| 245 |
_aProbability and statistics with reliability queuing and computer science applications / _cBy Kishor Shridharbhai Trivedi. |
||
| 250 | _a2nd ed. | ||
| 260 |
_aNew Delhi : _bWiley India Pvt Ltd , _c2014. |
||
| 300 |
_axv,830p. ; _c23 cm. |
||
| 650 |
_aDiscrete random variables _951201 |
||
| 650 |
_aExpectation _951202 |
||
| 650 |
_aStatistical inference _951203 |
||
| 942 |
_2ddc _cBK _e2nd _k23 cm. |
||
| 999 |
_c194522 _d194522 |
||